Bratislavský hrad za Márie Terézie

Bibliographic Details
Main Author: Pötzl-Malíková, Mária, 1935- (Author)
Format: Book
Language:Slovak
PhysicalDescription:182 s. fotogr. (čiast. fareb.), ilustr., portréty 21 cm
Published: Bratislava Albert Marenčin Vydavateľstvo PT 2008
ISBN:9788089218714
Edition:1. vyd.
Series:Bratislava - Pressburg
Subjects:

MARC

LEADER 00000cam a2200000 a 4500
001 vtls009474740
003 SK-MaSNL
005 20260425235442.0
008 240315s2008 xo oac f 000 0 slo
015 |a SNBA2009/08-04244 
020 |a 9788089218714  |q (viaz.) 
035 |a FF20E880-D123-4CFE-A9F5-194D2E97B851 
035 |a urn:nbn:sk:snk-amk83o 
035 |a urn:nbn:sk:snk-am008cic 
040 |a SNK  |b slo  |c SNK  |e AACR2 
041 0 |a slo 
043 |a e-xo--- 
044 |a xo  |c SK 
072 7 |a 72  |x Architektúra  |2 konspekt 
080 |a 728.81  |2 2001 
080 |a 94(437.6)  |2 2001 
080 |a (048.8)  |2 2001 
100 1 |a Pötzl-Malíková, Mária,  |d 1935-  |4 aut  |9 122944 
245 1 0 |a Bratislavský hrad za Márie Terézie  |c Mária Pötzl-Malíková 
250 |a 1. vyd. 
260 |a Bratislava  |b Albert Marenčin Vydavateľstvo PT  |c 2008 
300 |a 182 s.  |b fotogr. (čiast. fareb.), ilustr., portréty  |c 21 cm 
490 1 |a Bratislava - Pressburg 
504 |a Bibliogr. s. 180-181 
600 0 7 |a Mária Terézia,  |c česká a uhorská kráľovna, cisárovná, manželka Františka Štefana I., rímskonemeckého cisára,  |d 1717-1780  |2 SNKMA  |9 124055 
610 2 7 |a Bratislavský hrad  |9 63101 
648 7 |a 17. stor.  |2 SNKPH  |9 288141 
648 7 |a 17th century  |2 SNKPHeng  |9 288157 
650 0 7 |a hrady  |z Slovensko  |2 SNKPH  |9 310124 
650 0 7 |a hrady  |x dejiny  |2 SNKPH  |9 288625 
650 0 7 |a Castles  |z Slovakia  |2 SNKPHeng  |9 538453 
650 0 7 |a Castles  |x history  |2 SNKPHeng  |9 316188 
651 7 |a Bratislava (Slovensko)  |2 SNKPH  |9 14568 
651 7 |a Bratislava (Slovakia)  |2 SNKPHeng  |9 171234 
655 7 |a monografie  |2 SNKPH  |9 70139 
655 7 |a Monographs  |2 SNKPHeng  |9 120675 
830 0 |a Bratislava - Pressburg  |9 310617 
919 |a 978-80-89218-71-4 
958 |a NB 
958 |a OND 
968 |d 71/72 
999 |c 829939  |d 831869 
952 |a SNK  |b SNK  |y PREZ  |7 0  |p 17A0623166  |o snkSC 135928  |i snk2009/10153  |8 0  |0 0  |1 0  |4 0  |d 2009-06-05  |l 0  |r 2025-07-02 00:00:00  |w 2026-02-24 
952 |a SNK  |b SNK  |y VYP  |7 0  |p 17A0623167  |o snkSC 135928 D1  |i snk2009/10154  |8 0  |0 0  |1 0  |4 0  |d 2009-06-05  |f 1  |l 0  |r 2026-02-24 03:34:54  |w 2026-02-24